| 000 | 01247cam a2200313 a 4500 | ||
|---|---|---|---|
| 999 |
_c130144 _d130144 |
||
| 001 | 1637686 | ||
| 003 | ARRUPE | ||
| 005 | 20200121121536.0 | ||
| 008 | 961224s1997 maua b 001 0beng | ||
| 010 | _a 96054044 | ||
| 020 |
_a0395693799 : _c$40.00 |
||
| 040 |
_aDLC _cDLC _dDLC |
||
| 043 | _ae-uk--- | ||
| 050 | 0 | 0 |
_aPR4381 _b.G67 1997 |
| 082 | 0 | 0 |
_a821/.7 _aB _221 |
| 100 | 1 |
_aGrosskurth, Phyllis. _943817 |
|
| 245 | 1 | 0 |
_aByron : _bthe flawed angel / _cPhyllis Grosskurth. |
| 246 | 3 | 0 | _aFlawed angel |
| 260 |
_aLondon : _bHodder and Stoughton, _c1997. |
||
| 300 |
_axvii, 510 p. : _bill. ; _c25 cm. |
||
| 504 | _aIncludes bibliographical references (p. 479-492) and index. | ||
| 600 | 1 | 0 |
_aByron, George Gordon Byron, _cBaron, _d1788-1824. _948938 |
| 650 | 0 |
_aPoets, English _y19th century _xBiography. _948939 |
|
| 856 | 4 | 2 |
_3Publisher description _uhttp://www.loc.gov/catdir/enhancements/fy0728/96054044-d.html |
| 856 | 4 | 2 |
_3Contributor biographical information _uhttp://www.loc.gov/catdir/enhancements/fy0736/96054044-b.html |
| 906 |
_a7 _bcbc _corignew _d1 _eocip _f19 _gy-gencatlg |
||
| 942 |
_2lcc _cMONOGRAPH |
||